| 000 | 02085nas a2200325 i 4500 | ||
|---|---|---|---|
| 001 | 173063 | ||
| 003 | ES-MaACL | ||
| 005 | 20250923161117.0 | ||
| 007 | t| | ||
| 008 | 091022c1924 sp a| | 1 ||pa d | ||
| 080 | _a3 : 061.12(460) | ||
| 110 | 2 |
_aReal Academia de Ciencias Morales y Políticas (España) _9222050 |
|
| 245 | 1 | 0 |
_aDiscursos de recepción leídos en la Real Academia de Ciencias Morales y Políticas _g1920-1921. |
| 260 |
_aMadrid : _b[s. n.], _c1924 (Est. Tip. Viuda e Hijos de Jaime Ratés) |
||
| 300 |
_a1 v. ; _c26 cm. |
||
| 505 | 8 | _aContiene: T. XIV: Contribución del lenguaje a la filosofía de los valores / Juan Zaragüeta Bengoechea (231 p.). Contestación / Eduardo Sanz y Escartín (p. 232-242). Legislación internacional del trabajo / José Gascón y Marín (p. 243-322). Contestación / Rafael Altamira y Crevea (p. 323-337). La crisis del régimen parlamentario: concepto del legislador / Adolfo Pons y Umbert (p. 339-393). Contestación / Adolfo Bonilla y San Martín (p. 395-408). La abolición del salariado / Severino Aznar Embid (p. 409-511). Contestación / Álvaro López Núñez (p. 512-542). Inviolabilidad parlamentaria / Gabino Bugallal y Araujo. Conde de Bugallal (p. 543-629). Contestación / Eduardo Sanz y Escartín (p. 631-643). El terrorismo, la libertad y la policía / Antonio Royo Villanova (p. 645-707). Contestación / Niceto Alcalá Zamora (p. 709-721). | |
| 700 | 1 |
_aBonilla y San Martín, Adolfo, _d1875-1926 _930193 |
|
| 700 | 1 |
_aSanz y Escartín, Eduardo, _d1855-1939 _9103695 |
|
| 700 | 1 |
_aAlcalá Zamora, Niceto, _d1877-1949 _919473 |
|
| 700 | 1 |
_aLópez Núñez, Alvaro. _973832 |
|
| 700 | 1 |
_aZaragüeta, Juan. _9118040 |
|
| 700 | 1 |
_aGascón y Marín, José. _955866 |
|
| 700 | 1 |
_aAltamira, Rafael, _d1866-1951 _920515 |
|
| 700 | 1 |
_aPons y Umbert, Adolfo. _993034 |
|
| 700 | 1 |
_aAznar, Severino, _d1870-1959 _924307 |
|
| 700 | 1 |
_aBugallal y Araujo, Gabino, _cConde de, _d1861-1932 _932440 |
|
| 700 | 1 |
_aRoyo Villanova, Antonio, _d1869-1958 _9100235 |
|
| 852 |
_aES-MaACL _jK-196 |
||
| 999 |
_c173063 _d173063 |
||